Sexuality in Plants and Its Hormonal Regulation /
Enregistré dans:
| Auteurs principaux: | , |
|---|---|
| Format: | Livre |
| Publié: |
New York :
Springer Verlag,
1987
|
| Tags: |
Pas de tags, Soyez le premier à ajouter un tag!
|
MARC
| LEADER | 00000nam a22000003a 4500 | ||
|---|---|---|---|
| 001 | stu16961 | ||
| 005 | 20150617225758.2 | ||
| 008 | ------s1987----xxu---------------------d | ||
| 040 | |a STU |b slo | ||
| 041 | 0 | ||
| 044 | |a xxu | ||
| 080 | |a 581.16 | ||
| 100 | 1 | |a Chailakhyan, M.Kh |4 aut | |
| 245 | 1 | |a Sexuality in Plants and Its Hormonal Regulation / |c [aut.]Chailakhyan,M.Kh., Khrianin,V.N | |
| 260 | |a New York : |b Springer Verlag, |c 1987 | ||
| 300 | |a 159 s : |b Obr.,tab.,lit,index | ||
| 700 | 1 | |a Khrianin, V.N |4 aut | |
| 996 | |b C82352 |c C*82352 |l CCXI |s P |a 0 |w stu16961_0001 | ||